[Event "GBR-ch 111th"]
[Site "Liverpool"]
[Date "2025.08.05"]
[Round "4.12"]
[White "Roberson, Peter T"]
[Black "Richardson, John R"]
[Result "1-0"]
[WhiteElo "2440"]
[BlackElo "2246"]
[PlyCount "45"]
[EventDate "2025.08.02"]
[EventType "swiss"]
[EventRounds "9"]
[EventCountry "GBR"]
[SourceTitle "BritBase"]
[Source "John Saunders"]
[SourceDate "2025.08.11"]
[SourceVersion "1"]
[SourceVersionDate "2025.08.11"]
[SourceQuality "1"]

1. e4 c6 2. d4 d5 3. e5 Bf5 4. Nd2 e6 5. Nb3 Nd7 6. Nf3 Qc7 7. Be2 c5 8. c3 c4 9. Nbd2 f6 10. O-O fxe5 11. dxe5 Bc5 12. b3 cxb3 13. Nxb3 Ne7 14. Nfd4 Qxe5 15. Bb5 Qd6 16. Nxc5 Qxc5 17. Qa4 Qc8 18. Nxf5 Nxf5 19. Re1 Ke7 20. g4 Nd6 21. Bxd7 b5 22. Bxc8 bxa4 23. Bxe6 1-0

[Event "GBR-ch 111th"]
[Site "Liverpool"]
[Date "2025.08.05"]
[Round "4.13"]
[White "Webb, Laurence E"]
[Black "Pert, Richard G"]
[Result "0-1"]
[WhiteElo "2268"]
[BlackElo "2409"]
[PlyCount "138"]
[EventDate "2025.08.02"]
[EventType "swiss"]
[EventRounds "9"]
[EventCountry "GBR"]
[SourceTitle "BritBase"]
[Source "John Saunders"]
[SourceDate "2025.08.11"]
[SourceVersion "1"]
[SourceVersionDate "2025.08.11"]
[SourceQuality "1"]

1. d4 d5 2. c4 e6 3. Nc3 c5 4. e3 Nf6 5. Nf3 a6 6. a3 dxc4 7. Bxc4 b5 8. Ba2 Bb7 9. O-O Nbd7 10. Qe2 Bd6 11. dxc5 Nxc5 12. Rd1 Qb8 13. b4 Ncd7 14. h3 O-O 15. Bb2 Ne5 16. Nxe5 Bxe5 17. Rac1 Rd8 18. Rxd8+ Qxd8 19. Nd1 Bxb2 20. Nxb2 Rc8 21. Rxc8 Qxc8 22. Nd3 Qc6 23. f3 Qc3 24. Nc5 Bd5 25. Bxd5 Nxd5 26. Nxa6 Qxa3 27. Qxb5 Qxe3+ 28. Kh2 Qf4+ 29. Kh1 h5 30. Qb8+ Qxb8 31. Nxb8 Nxb4 32. h4 f6 33. Nd7 Nd3 34. Kh2 Kf7 35. Nb6 Nb2 36. Nd7 Na4 37. Nb8 e5 38. Nc6 Ke6 39. Kg3 Nc3 40. Nb4 Kd6 41. Kf2 Kc5 42. Na6+ Kc6 43. Ke3 Kd6 44. g3 f5 45. Kd3 Nd5 46. Kc4 f4 47. gxf4 Nxf4 48. Nb4 Ke6 49. Nc2 Ng2 50. Kd3 Nxh4 51. Ke3 Nf5+ 52. Kf2 Kf6 53. Ne1 Nd6 54. Ng2 g5 55. Ne3 e4 56. fxe4 Nxe4+ 57. Kf3 Nd6 58. Nf1 Ke5 59. Nd2 g4+ 60. Kg2 h4 61. Nf1 Kf4 62. Nd2 Nf5 63. Kh2 Ne3 64. Nb3 Nd5 65. Kg2 Ke3 66. Nc5 Nf4+ 67. Kg1 g3 68. Kh1 h3 69. Kg1 Ne2+ 0-1

[Event "GBR-ch 111th"]
[Site "Liverpool"]
[Date "2025.08.05"]
[Round "4.14"]
[White "Makkar, Rajat"]
[Black "Khoury, Theo"]
[Result "1-0"]
[WhiteElo "2406"]
[BlackElo "2239"]
[PlyCount "81"]
[EventDate "2025.08.02"]
[EventType "swiss"]
[EventRounds "9"]
[EventCountry "GBR"]
[SourceTitle "BritBase"]
[Source "John Saunders"]
[SourceDate "2025.08.11"]
[SourceVersion "1"]
[SourceVersionDate "2025.08.11"]
[SourceQuality "1"]

1. Nf3 d5 2. e3 Nf6 3. c4 e6 4. Nc3 dxc4 5. Bxc4 c5 6. d4 Nc6 7. O-O a6 8. d5 Na5 9. b3 b5 10. Bd3 exd5 11. e4 d4 12. e5 Nd5 13. Nxd5 Qxd5 14. Qe1 Nc6 15. Be4 Qd7 16. e6 fxe6 17. Ng5 Be7 18. Nxh7 Bb7 19. Bg6+ Kd8 20. Ng5 Bxg5 21. Bxg5+ Kc7 22. Qc1 Qd6 23. h3 Raf8 24. Re1 Nb4 25. f4 d3 26. f5 Qd5 27. Qf4+ Kc8 28. Qg3 exf5 29. Rac1 f4 30. Qg4+ Kb8 31. Bxf4+ Ka8 32. Bd2 Nc2 33. Re7 Rh4 34. Qg3 Qd4+ 35. Kh2 Rhh8 36. Qxd3 Rf2 37. Rxb7 Qxd3 38. Bxd3 Kxb7 39. Rxc2 Rd8 40. Be4+ Kb6 41. Ba5+ 1-0

[Event "GBR-ch 111th"]
[Site "Liverpool"]
[Date "2025.08.05"]
[Round "4.15"]
[White "Kanyamarala, Tarun"]
[Black "Yoon, Jacob D"]
[Result "1-0"]
[WhiteElo "2397"]
[BlackElo "2203"]
[PlyCount "173"]
[EventDate "2025.08.02"]
[EventType "swiss"]
[EventRounds "9"]
[EventCountry "GBR"]
[SourceTitle "BritBase"]
[Source "John Saunders"]
[SourceDate "2025.08.11"]
[SourceVersion "1"]
[SourceVersionDate "2025.08.11"]
[SourceQuality "1"]

1. d4 Nf6 2. Nf3 e6 3. Bf4 b6 4. e3 Bb7 5. Bd3 Be7 6. h3 O-O 7. Nbd2 c5 8. O-O Nc6 9. c3 d5 10. Bg3 a5 11. Qe2 a4 12. a3 Na5 13. Ne5 Nd7 14. Rad1 Nxe5 15. dxe5 Qc8 16. e4 d4 17. cxd4 cxd4 18. f4 Bc5 19. Bh4 Ba6 20. Rf3 Bxd3 21. Rxd3 Qa6 22. Kh1 Rfe8 23. Nf3 Nc4 24. Bf2 Ne3 25. Re1 Nc4 26. Bxd4 Bxd4 27. Rxd4 b5 28. Red1 Qb6 29. Ng5 h6 30. Nf3 Rad8 31. R4d3 Rxd3 32. Rxd3 Rd8 33. Rxd8+ Qxd8 34. Qc2 Qb6 35. Qe2 Qc5 36. Kh2 b4 37. Qc2 bxa3 38. bxa3 Qb5 39. Nd4 Qc5 40. Qc3 g6 41. Nf3 Qb5 42. Qd3 Qc5 43. Qc3 Qb5 44. Nd4 Qc5 45. h4 Kg7 46. Kg1 Kh7 47. Kf1 Qc8 48. Kf2 Qa6 49. Qb4 Kg8 50. Qb5 Qc8 51. Qb4 Qa6 52. Kf3 g5 53. hxg5 hxg5 54. Qb5 Qc8 55. Nc6 Nxa3 56. Qxa4 Qd7 57. Qxa3 Qxc6 58. fxg5 Qb5 59. Qc3 Kg7 60. Kg3 Kh7 61. Kg4 Kg7 62. Kh5 Qf1 63. Qf3 Qh1+ 64. Kg4 Kg8 65. g3 Qe1 66. g6 fxg6 67. Kg5 Qc1+ 68. Kxg6 Qc7 69. Qf6 Qd7 70. Kg5 Qd2+ 71. Qf4 Qd8+ 72. Kh6 Qd7 73. Qg5+ Kh8 74. Qf6+ Kg8 75. Qg6+ Kh8 76. Qf6+ Kg8 77. Kh5 Qd1+ 78. g4 Qd7 79. Qh6 Qc8 80. Qg6+ Kh8 81. Qf6+ Kg8 82. Qe7 Kh8 83. Kg6 Qg8+ 84. Kh6 Qf7 85. Qf6+ Kg8 86. Qxf7+ Kxf7 87. Kh7 1-0

[Event "GBR-ch 111th"]
[Site "Liverpool"]
[Date "2025.08.05"]
[Round "4.16"]
[White "Golding, Alex"]
[Black "Badacsonyi, Frankie"]
[Result "1/2-1/2"]
[WhiteElo "2377"]
[BlackElo "2193"]
[PlyCount "104"]
[EventDate "2025.08.02"]
[EventType "swiss"]
[EventRounds "9"]
[EventCountry "GBR"]
[SourceTitle "BritBase"]
[Source "John Saunders"]
[SourceDate "2025.08.11"]
[SourceVersion "1"]
[SourceVersionDate "2025.08.11"]
[SourceQuality "1"]

1. d4 Nf6 2. c3 b6 3. Bg5 Bb7 4. Nd2 g6 5. Bxf6 exf6 6. Ngf3 f5 7. g3 Bg7 8. Bg2 O-O 9. O-O d6 10. Ne1 Bxg2 11. Kxg2 Nd7 12. e3 Nf6 13. Ndf3 Qd7 14. Nd3 Rfe8 15. a4 a5 16. h4 Qc6 17. Re1 h5 18. Kg1 Ne4 19. Qb3 Qb7 20. d5 Qa6 21. Red1 Nc5 22. Qc2 Qc4 23. Nf4 Be5 24. Qe2 Qxe2 25. Nxe2 Rab8 26. Ned4 Bxd4 27. Nxd4 Ne4 28. Ra3 Nf6 29. Nc6 Ra8 30. b3 Kg7 31. Kf1 Nd7 32. Ke2 Kf6 33. Rd2 Ne5 34. Nd4 Ke7 35. Ra1 Kd7 36. Re1 Ng4 37. Kd3 Ne5+ 38. Kc2 Ng4 39. Nf3 Nf6 40. Rd4 Re7 41. Re2 Ree8 42. Ng5 Re7 43. Nh3 Re4 44. Rxe4 Nxe4 45. Nf4 Nf6 46. f3 Ke7 47. e4 fxe4 48. fxe4 Ng4 49. Nd3 Kd7 50. Nf2 Ne5 51. Nd3 Ng4 52. Nf2 Ne5 1/2-1/2

[Event "GBR-ch 111th"]
[Site "Liverpool"]
[Date "2025.08.05"]
[Round "4.17"]
[White "Rudd, Jack"]
[Black "Flear, Glenn C"]
[Result "0-1"]
[WhiteElo "2259"]
[BlackElo "2358"]
[PlyCount "108"]
[EventDate "2025.08.02"]
[EventType "swiss"]
[EventRounds "9"]
[EventCountry "GBR"]
[SourceTitle "BritBase"]
[Source "John Saunders"]
[SourceDate "2025.08.11"]
[SourceVersion "1"]
[SourceVersionDate "2025.08.11"]
[SourceQuality "1"]

1. d4 d5 2. c4 e6 3. Nc3 Nf6 4. cxd5 exd5 5. Bg5 Be7 6. e3 O-O 7. Bd3 Re8 8. Nf3 h6 9. Bh4 c6 10. O-O Ne4 11. Bxe7 Qxe7 12. Qc2 Bf5 13. Nd2 Nxd2 14. Qxd2 Bxd3 15. Qxd3 Nd7 16. b4 b5 17. a4 a6 18. Rab1 Nb6 19. a5 Nc4 20. Ne2 Rad8 21. Nf4 Qg5 22. g3 Rd6 23. Rbc1 g6 24. Rfe1 h5 25. h4 Qg4 26. Qd1 Qc8 27. Rc2 Kg7 28. Rce2 Rdd8 29. Nd3 Nd6 30. Nc5 Kh7 31. Rc2 Kg7 32. Qf3 Nf5 33. Rec1 Nd6 34. Kg2 Nc4 35. Qf4 Re7 36. Nd3 Re6 37. Qf3 Rde8 38. Nf4 Re4 39. Rc3 R4e7 40. Kh2 Re4 41. Rg1 Rh8 42. g4 Qd8 43. gxh5 Qxh4+ 44. Kg2 Rxf4 45. exf4 Rxh5 46. Qg3 Qe7 47. Rh1 Rxh1 48. Kxh1 Qxb4 49. Rd3 Qe1+ 50. Kg2 Qe4+ 51. Kg1 b4 52. Rb3 Qe1+ 53. Kg2 Nd2 54. Rb2 Qe4+ 0-1

[Event "GBR-ch 111th"]
[Site "Liverpool"]
[Date "2025.08.05"]
[Round "4.18"]
[White "Adams, Henry"]
[Black "Eggleston, David J"]
[Result "1/2-1/2"]
[WhiteElo "2114"]
[BlackElo "2348"]
[PlyCount "177"]
[EventDate "2025.08.02"]
[EventType "swiss"]
[EventRounds "9"]
[EventCountry "GBR"]
[SourceTitle "BritBase"]
[Source "John Saunders"]
[SourceDate "2025.08.11"]
[SourceVersion "1"]
[SourceVersionDate "2025.08.11"]
[SourceQuality "1"]

1. d4 Nf6 2. c4 e6 3. g3 d5 4. Bg2 Be7 5. Nf3 Ne4 6. Nc3 f5 7. O-O c6 8. Bf4 Nd7 9. Qc2 Bf6 10. Rad1 Qe7 11. Be5 Bxe5 12. Nxe5 Nxe5 13. dxe5 O-O 14. Kh1 Bd7 15. f3 Nxc3 16. Qxc3 f4 17. e4 fxe3 18. Qxe3 Qb4 19. b3 a5 20. a4 Rad8 21. Bh3 Rfe8 22. cxd5 cxd5 23. Rd4 Qe7 24. Qd2 b6 25. b4 Bxa4 26. bxa5 b5 27. Rc1 Bb3 28. Rc6 Qf7 29. f4 Bc4 30. a6 Ra8 31. Qb4 Qh5 32. Bg2 Qe2 33. Qd2 Qxd2 34. Rxd2 b4 35. Rxc4 dxc4 36. Bxa8 Rxa8 37. Rd4 Rxa6 38. Rxc4 Rb6 39. Rc2 g5 40. Kg2 gxf4 41. gxf4 b3 42. Rb2 Kf7 43. Kf3 h6 44. Kg4 Kg6 45. h4 h5+ 46. Kf3 Rb4 47. Rg2+ Kf7 48. Rb2 Ke7 49. Ke3 Kd7 50. Kd3 Kc6 51. Kc3 Rxf4 52. Rd2 Rxh4 53. Rd6+ Kc5 54. Kxb3 Rb4+ 55. Kc3 Rb6 56. Rd8 Ra6 57. Rh8 Ra3+ 58. Kd2 Rh3 59. Rd8 Rg3 60. Rd6 Rg6 61. Ke3 h4 62. Rd8 Rh6 63. Rd2 h3 64. Rh2 Rh4 65. Kf3 Kd4 66. Kg3 Rh8 67. Kf4 Rf8+ 68. Kg4 Ke4 69. Re2+ Kd3 70. Rh2 Rh8 71. Kf4 Rh5 72. Kg4 Rxe5 73. Rxh3+ Re3 74. Rh1 Re4+ 75. Kf3 Re3+ 76. Kf2 e5 77. Rd1+ Ke4 78. Ra1 Rd3 79. Ra4+ Rd4 80. Ra3 Rd2+ 81. Ke1 Rb2 82. Rh3 Kd4 83. Ra3 e4 84. Rh3 Ra2 85. Rg3 Ra1+ 86. Ke2 Ra2+ 87. Ke1 e3 88. Rg8 Kd3 89. Rd8+ 1/2-1/2

[Event "GBR-ch 111th"]
[Site "Liverpool"]
[Date "2025.08.05"]
[Round "4.19"]
[White "Bazakutsa, Svyatoslav"]
[Black "Shafi, Declan"]
[Result "1-0"]
[WhiteElo "2481"]
[BlackElo "2183"]
[PlyCount "99"]
[EventDate "2025.08.02"]
[EventType "swiss"]
[EventRounds "9"]
[EventCountry "GBR"]
[SourceTitle "BritBase"]
[Source "John Saunders"]
[SourceDate "2025.08.11"]
[SourceVersion "1"]
[SourceVersionDate "2025.08.11"]
[SourceQuality "1"]

1. c4 c5 2. Nf3 Nf6 3. d4 cxd4 4. Nxd4 Nc6 5. Nc3 e6 6. g3 Qb6 7. Nb3 Ne5 8. e4 Bb4 9. Qe2 d6 10. Bd2 a5 11. O-O-O a4 12. Na1 Bc5 13. f4 Nc6 14. Nc2 e5 15. h3 O-O 16. Be3 Nd4 17. Qd3 a3 18. b3 Nxb3+ 19. axb3 Qxb3 20. Bxc5 dxc5 21. Kd2 a2 22. Nd5 Qa4 23. fxe5 Qa5+ 24. Ke3 Nd7 25. Qc3 Re8 26. Qxa5 Rxa5 27. Nc7 Rxe5 28. Nb5 Nf8 29. Bd3 f5 30. Nc3 Be6 31. Ra1 fxe4 32. Be2 b5 33. Nxb5 Nd7 34. Nca3 Nb6 35. Rxa2 Ra4 36. g4 Bxc4 37. Nxc4 Nd5+ 38. Kf2 Rxa2 39. Nxe5 Nf4 40. Re1 h5 41. Nc3 Nxh3+ 42. Kg3 Ra3 43. Bc4+ Kh7 44. Re3 hxg4 45. Kxg4 Nf2+ 46. Kg3 Nd3 47. Nxe4 Nxe5 48. Rxa3 Nxc4 49. Ra6 g6 50. Kf4 1-0

[Event "GBR-ch 111th"]
[Site "Liverpool"]
[Date "2025.08.05"]
[Round "4.20"]
[White "Kovalskyi, Roman"]
[Black "Gordon, Stephen J"]
[Result "0-1"]
[WhiteElo "2180"]
[BlackElo "2469"]
[PlyCount "150"]
[EventDate "2025.08.02"]
[EventType "swiss"]
[EventRounds "9"]
[EventCountry "GBR"]
[SourceTitle "BritBase"]
[Source "John Saunders"]
[SourceDate "2025.08.11"]
[SourceVersion "1"]
[SourceVersionDate "2025.08.11"]
[SourceQuality "1"]

1. e4 c5 2. Nf3 e6 3. d4 cxd4 4. Nxd4 Nc6 5. Nc3 Qc7 6. Be3 a6 7. Qf3 b5 8. Qg3 Qxg3 9. hxg3 Nxd4 10. Bxd4 Bb7 11. Bd3 Ne7 12. a4 b4 13. Ne2 Rc8 14. f3 Nc6 15. Bf2 Ne5 16. Bd4 Nc6 17. Bf2 g6 18. O-O-O Bg7 19. Bc5 Bf8 20. Be3 Bg7 21. Bc5 Bf8 22. Be3 Bg7 23. Kb1 Ne5 24. Nd4 d5 25. Nb3 dxe4 26. fxe4 Nc4 27. Bxc4 Rxc4 28. Na5 Rxe4 29. Bh6 Bxh6 30. Nxb7 Bf8 31. Rd8+ Ke7 32. Rhd1 f5 33. Nc5 Rc4 34. Nxa6 Bg7 35. R8d7+ Kf6 36. b3 Rg4 37. Nc7 Rc8 38. Re1 Re4 39. Rxe4 fxe4 40. Kc1 Bf8 41. a5 Bc5 42. Kd2 Ke5 43. Na6 Bd4 44. Rc7 Rf8 45. Nxb4 Rf2+ 46. Ke1 Rxg2 47. c3 Rg1+ 48. Ke2 Rg2+ 49. Kd1 Bg1 50. a6 e3 51. a7 e2+ 52. Ke1 Bf2+ 53. Kxe2 Bxa7+ 54. Kf3 Rf2+ 55. Kg4 h5+ 56. Kg5 Rf5+ 57. Kxg6 Be3 58. Rh7 Rg5+ 59. Kf7 Kd6 60. Nc2 Bf2 61. b4 Rxg3 62. c4 Rc3 63. c5+ Kc6 64. Na1 Ra3 65. Nc2 Ra7+ 66. Kg6 Rxh7 67. Kxh7 h4 68. Na3 h3 69. b5+ Kxc5 70. b6 h2 71. b7 h1=Q+ 72. Kg6 Qxb7 73. Kf6 Qb2+ 74. Kxe6 Qxa3 75. Kd7 Qa6 0-1

[Event "GBR-ch 111th"]
[Site "Liverpool"]
[Date "2025.08.05"]
[Round "4.21"]
[White "Golding, James"]
[Black "Williams, Simon K"]
[Result "0-1"]
[WhiteElo "2176"]
[BlackElo "2444"]
[PlyCount "88"]
[EventDate "2025.08.02"]
[EventType "swiss"]
[EventRounds "9"]
[EventCountry "GBR"]
[SourceTitle "BritBase"]
[Source "John Saunders"]
[SourceDate "2025.08.11"]
[SourceVersion "1"]
[SourceVersionDate "2025.08.11"]
[SourceQuality "1"]

1. d4 e6 2. c4 f5 3. a3 Nf6 4. Nc3 d5 5. Bf4 c6 6. e3 Be7 7. Nf3 O-O 8. Bd3 Nh5 9. Be5 Nd7 10. h3 Nxe5 11. Nxe5 Nf6 12. g4 Bd6 13. Qc2 Ne4 14. O-O-O Qa5 15. Nb1 Bxe5 16. dxe5 b5 17. gxf5 exf5 18. cxd5 cxd5 19. f3 Ng5 20. f4 Ne4 21. Qc6 Rb8 22. Qxd5+ Kh8 23. Bxe4 fxe4 24. Nc3 Bf5 25. Rd4 Qb6 26. Qd6 Qb7 27. Rd5 Qc8 28. Rc5 Qe8 29. Rc7 a5 30. Qc6 Qh5 31. Rb7 Qf3 32. Re1 Qf2 33. Re2 Qf1+ 34. Kc2 b4 35. axb4 axb4 36. Rxb8 Rxb8 37. Qd6 b3+ 38. Kd2 Rc8 39. e6 Qa1 40. e7 Qxb2+ 41. Ke1 Qxc3+ 42. Kf2 Qf6 43. Rd2 Qxd6 44. Rxd6 Re8 0-1

[Event "GBR-ch 111th"]
[Site "Liverpool"]
[Date "2025.08.05"]
[Round "4.22"]
[White "Wells, Peter K"]
[Black "Dasgupta, Avyukt"]
[Result "1-0"]
[WhiteElo "2339"]
[BlackElo "2158"]
[PlyCount "55"]
[EventDate "2025.08.02"]
[EventType "swiss"]
[EventRounds "9"]
[EventCountry "GBR"]
[SourceTitle "BritBase"]
[Source "John Saunders"]
[SourceDate "2025.08.11"]
[SourceVersion "1"]
[SourceVersionDate "2025.08.11"]
[SourceQuality "1"]

1. Nf3 d5 2. c4 c6 3. d4 Nf6 4. Nc3 a6 5. a4 e6 6. g3 c5 7. cxd5 Nxd5 8. Bg2 cxd4 9. Nxd5 Qxd5 10. O-O Bc5 11. b4 Bb6 12. Bb2 e5 13. Nxd4 Qd8 14. Nb3 Qxd1 15. Rfxd1 Be6 16. Bxb7 Ra7 17. Bd5 Bxd5 18. Rxd5 f6 19. Rc1 Rc7 20. b5 Rxc1+ 21. Bxc1 Kf7 22. bxa6 Nxa6 23. Rd6 Rb8 24. a5 Bc5 25. Rxa6 Rxb3 26. Rc6 Rb5 27. a6 Ke7 28. Rxc5 1-0

[Event "GBR-ch 111th"]
[Site "Liverpool"]
[Date "2025.08.05"]
[Round "4.23"]
[White "Fellowes, Billy"]
[Black "Ledger, Andrew J"]
[Result "1/2-1/2"]
[WhiteElo "2122"]
[BlackElo "2323"]
[PlyCount "106"]
[EventDate "2025.08.02"]
[EventType "swiss"]
[EventRounds "9"]
[EventCountry "GBR"]
[SourceTitle "BritBase"]
[Source "John Saunders"]
[SourceDate "2025.08.11"]
[SourceVersion "1"]
[SourceVersionDate "2025.08.11"]
[SourceQuality "1"]

1. e4 e6 2. d4 d5 3. e5 Bd7 4. Nf3 a6 5. Be2 Bb5 6. O-O Bxe2 7. Qxe2 c5 8. dxc5 Bxc5 9. c4 Ne7 10. Nc3 dxc4 11. Ne4 Nd7 12. Be3 Bxe3 13. Nd6+ Kf8 14. fxe3 Nf5 15. Rad1 Qe7 16. e4 Nxd6 17. exd6 Qd8 18. Nd4 Kg8 19. Qxc4 Rc8 20. Qb3 Qb6 21. Qf3 Rf8 22. Kh1 h5 23. Qc3 Kh7 24. Qh3 g6 25. Nf3 Kg7 26. b3 Qe3 27. Qh4 Rd8 28. Ng5 Rhf8 29. Nxf7 Rde8 30. Qg5 Qxg5 31. Nxg5 Rf6 32. Rc1 Rc8 33. Rcd1 Rc6 34. Rxf6 Kxf6 35. Nf3 e5 36. h4 Kf7 37. Nxe5+ Nxe5 38. d7 Nxd7 39. Rxd7+ Ke6 40. Rxb7 Ke5 41. Rb4 Kf4 42. Kh2 Kg4 43. Rc4 Re6 44. g3 Kf3 45. Kh3 Kf2 46. a3 Rd6 47. e5 Rd3 48. Rf4+ Kg1 49. Rc4 Rxb3 50. a4 Re3 51. Rc5 Re2 52. Rc1+ Kf2 53. Rc5 Kg1 1/2-1/2

[Event "GBR-ch 111th"]
[Site "Liverpool"]
[Date "2025.08.05"]
[Round "4.24"]
[White "Kalavannan, Koby"]
[Black "Bradbury, Neil H"]
[Result "1/2-1/2"]
[WhiteElo "2323"]
[BlackElo "2137"]
[PlyCount "75"]
[EventDate "2025.08.02"]
[EventType "swiss"]
[EventRounds "9"]
[EventCountry "GBR"]
[SourceTitle "BritBase"]
[Source "John Saunders"]
[SourceDate "2025.08.11"]
[SourceVersion "1"]
[SourceVersionDate "2025.08.11"]
[SourceQuality "1"]

1. Nf3 Nf6 2. c4 e6 3. g3 d5 4. Bg2 Be7 5. b3 O-O 6. Bb2 c5 7. cxd5 exd5 8. d4 cxd4 9. O-O Nc6 10. Nxd4 Bg4 11. Nc3 Re8 12. h3 Bh5 13. Nf5 Bf8 14. g4 Bg6 15. Ng3 d4 16. Nb5 d3 17. exd3 Qa5 18. a4 a6 19. Na3 Rad8 20. Nc4 Qc7 21. d4 b5 22. axb5 axb5 23. Na3 Qb6 24. Nc2 Nd5 25. Qd2 Ndb4 26. Nxb4 Bxb4 27. Bc3 Bxc3 28. Qxc3 Nxd4 29. Rad1 h6 30. Rd2 b4 31. Qb2 Ne6 32. Rfd1 Nf4 33. Bf1 Ne6 34. Rd5 Rxd5 35. Rxd5 Rc8 36. Rb5 Qd6 37. Bc4 Nf4 38. Qe5 1/2-1/2

[Event "GBR-ch 111th"]
[Site "Liverpool"]
[Date "2025.08.05"]
[Round "4.25"]
[White "Badacsonyi, Stanley"]
[Black "Crawford, Owen"]
[Result "1-0"]
[WhiteElo "2309"]
[BlackElo "2125"]
[PlyCount "105"]
[EventDate "2025.08.02"]
[EventType "swiss"]
[EventRounds "9"]
[EventCountry "GBR"]
[SourceTitle "BritBase"]
[Source "John Saunders"]
[SourceDate "2025.08.11"]
[SourceVersion "1"]
[SourceVersionDate "2025.08.11"]
[SourceQuality "1"]

1. Nf3 Nf6 2. g3 g6 3. Bg2 Bg7 4. c4 O-O 5. O-O c5 6. Nc3 Nc6 7. d4 d6 8. dxc5 dxc5 9. Bf4 Nh5 10. Be3 b6 11. Qc1 Bb7 12. Bh6 Qc8 13. Rd1 Nf6 14. Nd5 Re8 15. Bxg7 Kxg7 16. Qc3 Kg8 17. e3 Nd7 18. Ng5 Nb4 19. Bh3 f5 20. Ne6 Nf6 21. Ndc7 Na6 22. Qe5 Qb8 23. f4 Nxc7 24. Nxc7 Qc8 25. Nxe8 Qxe8 26. Qe6+ Kf8 27. Rd3 Bc8 28. Qe5 Bb7 29. Bg2 Bxg2 30. Kxg2 Qc6+ 31. Kg1 Qf3 32. Qc3 h5 33. Qd2 Ne4 34. Qg2 Qg4 35. Rad1 Ke8 36. Rf1 Kf7 37. Rf3 h4 38. h3 Qh5 39. g4 Qh8 40. Rf1 Qc8 41. Rfd1 Qe6 42. Rd5 Rg8 43. b3 Qf6 44. Re5 Qc6 45. gxf5 Qc8 46. f6 Nxf6 47. Rg5 Rd8 48. Re1 Qd7 49. Rxg6 Qd3 50. Rg7+ Kf8 51. Qg6 Qxg6+ 52. Rxg6 Rd2 53. Rg2 1-0

[Event "GBR-ch 111th"]
[Site "Liverpool"]
[Date "2025.08.05"]
[Round "4.26"]
[White "Sedykh, Mikhail"]
[Black "Hunt, Harriet V"]
[Result "0-1"]
[WhiteElo "2159"]
[BlackElo "2294"]
[PlyCount "162"]
[EventDate "2025.08.02"]
[EventType "swiss"]
[EventRounds "9"]
[EventCountry "GBR"]
[SourceTitle "BritBase"]
[Source "John Saunders"]
[SourceDate "2025.08.11"]
[SourceVersion "1"]
[SourceVersionDate "2025.08.11"]
[SourceQuality "1"]

1. d4 Nf6 2. c4 e6 3. Nc3 Bb4 4. Qc2 O-O 5. Nf3 c5 6. dxc5 Na6 7. g3 Nxc5 8. Bg2 Nce4 9. O-O Bxc3 10. bxc3 Qc7 11. Nd4 d5 12. cxd5 exd5 13. Bf4 Qc5 14. Qb2 b6 15. Rac1 Bd7 16. f3 Nd6 17. Qb4 Nc4 18. Qxc5 bxc5 19. Nb3 Rac8 20. Nd2 Nb6 21. Bg5 Rfe8 22. Rfe1 Nh5 23. e4 h6 24. Be3 Nf6 25. Nb3 Na4 26. exd5 Nxd5 27. Bd2 Be6 28. Re4 Ndb6 29. Bf1 Bd5 30. Rxe8+ Rxe8 31. Bb5 Rd8 32. Be3 Bxf3 33. Kf2 Bg4 34. Bxa4 Nxa4 35. Nxc5 Nxc5 36. Bxc5 Rd2+ 37. Ke3 Rxa2 38. h4 a5 39. Rb1 Be6 40. Rb8+ Kh7 41. Ra8 a4 42. Ra7 Bb3 43. Kf4 Rd2 44. Ke4 Kg6 45. Bd4 Rg2 46. Kf3 Ra2 47. Ra6+ f6 48. Bc5 Rc2 49. Bd4 Rc1 50. Ra7 Re1 51. Bc5 Re8 52. Kf4 Bc2 53. Bd4 Rg8 54. Bc5 Kh5 55. Ra6 Re8 56. Bd4 Re7 57. Ra5+ g5+ 58. Kf3 f5 59. hxg5 hxg5 60. Be3 Bd1+ 61. Kf2 Kg4 62. Rd5 Bc2 63. Rd4+ Kh5 64. g4+ fxg4 65. Rd5 g3+ 66. Ke2 Rg7 67. Kf3 Kh4 68. Rd2 Bb3 69. Kg2 Re7 70. Rd4+ g4 71. Bf4 Re2+ 72. Kf1 Rf2+ 73. Kg1 Rf3 74. Bd2 a3 75. Rd6 Bf7 76. Rh6+ Bh5 77. Ra6 Rd3 78. Be1 Rd1 79. Kf1 Kh3 80. c4 g2+ 81. Ke2 Rxe1+ 0-1

[Event "GBR-ch 111th"]
[Site "Liverpool"]
[Date "2025.08.05"]
[Round "4.27"]
[White "Bharat Kumar, Balahari"]
[Black "Mirzoeva, Elmira"]
[Result "0-1"]
[WhiteElo "2052"]
[BlackElo "2282"]
[PlyCount "88"]
[EventDate "2025.08.02"]
[EventType "swiss"]
[EventRounds "9"]
[EventCountry "GBR"]
[SourceTitle "BritBase"]
[Source "John Saunders"]
[SourceDate "2025.08.11"]
[SourceVersion "1"]
[SourceVersionDate "2025.08.11"]
[SourceQuality "1"]

1. e4 c5 2. Nc3 Nc6 3. g3 g6 4. Bg2 Bg7 5. d3 d6 6. f4 e6 7. Nge2 Nge7 8. O-O O-O 9. Bd2 Rb8 10. h3 b5 11. a3 a5 12. Qe1 b4 13. axb4 axb4 14. Nd1 Bd7 15. g4 f5 16. c3 bxc3 17. bxc3 Nb4 18. Qg3 fxe4 19. Bxe4 d5 20. Bg2 Qc7 21. Ne3 Nbc6 22. h4 Rb2 23. Rad1 Ra8 24. Rf2 Raa2 25. Nc1 Ra3 26. Ne2 Raa2 27. Nc1 Ra1 28. Qh3 d4 29. cxd4 Bxd4 30. Qf3 Nb4 31. Bxb4 Rxf2 32. Kxf2 cxb4 33. Nb3 Bc6 34. Nxd4 Ra2+ 35. Qe2 Qxf4+ 36. Nf3 Rxe2+ 37. Kxe2 Nd5 38. Nxd5 Bxd5 39. Rb1 Qg3 40. Bh1 Qxg4 41. Ke3 b3 42. Rc1 b2 43. Rc8+ Kg7 44. Rc7+ Kf8 0-1

[Event "GBR-ch 111th"]
[Site "Liverpool"]
[Date "2025.08.05"]
[Round "4.28"]
[White "Boswell, Jacob Connor"]
[Black "Vaidyanathan, Adithya"]
[Result "1-0"]
[WhiteElo "2278"]
[BlackElo "2115"]
[PlyCount "61"]
[EventDate "2025.08.02"]
[EventType "swiss"]
[EventRounds "9"]
[EventCountry "GBR"]
[SourceTitle "BritBase"]
[Source "John Saunders"]
[SourceDate "2025.08.11"]
[SourceVersion "1"]
[SourceVersionDate "2025.08.11"]
[SourceQuality "1"]

1. e4 c5 2. Nf3 Nc6 3. d4 cxd4 4. Nxd4 Nf6 5. Nc3 d6 6. Bg5 e6 7. Qd2 a6 8. O-O-O Bd7 9. f3 Nxd4 10. Qxd4 Be7 11. Kb1 b5 12. g4 h5 13. gxh5 Rxh5 14. h4 Qc7 15. Be2 Bc6 16. f4 Rh8 17. h5 O-O-O 18. a4 e5 19. Qe3 d5 20. exd5 Nxd5 21. Nxd5 Bxd5 22. Bxe7 Qxe7 23. Rhe1 e4 24. axb5 axb5 25. Bxb5 Rxh5 26. Ba6+ Kb8 27. Qb6+ Ka8 28. Bb7+ Qxb7 29. Qxd8+ Ka7 30. Re3 Qb5 31. Qc7+ 1-0

[Event "GBR-ch 111th"]
[Site "Liverpool"]
[Date "2025.08.05"]
[Round "4.29"]
[White "Gunarathne, Senith"]
[Black "Pert, Max P"]
[Result "0-1"]
[WhiteElo "1918"]
[BlackElo "2263"]
[PlyCount "104"]
[EventDate "2025.08.02"]
[EventType "swiss"]
[EventRounds "9"]
[EventCountry "GBR"]
[SourceTitle "BritBase"]
[Source "John Saunders"]
[SourceDate "2025.08.11"]
[SourceVersion "1"]
[SourceVersionDate "2025.08.11"]
[SourceQuality "1"]

1. e4 e5 2. Nf3 Nc6 3. Bc4 Nf6 4. d3 h6 5. Nc3 Bb4 6. O-O Bxc3 7. bxc3 O-O 8. Re1 Re8 9. d4 d6 10. Qd3 Nd7 11. h3 Qf6 12. Rb1 Na5 13. Ba3 Nxc4 14. Qxc4 c6 15. Qb4 c5 16. Qb5 Qe7 17. Red1 a6 18. Qc4 b5 19. Qd5 Nb6 20. Qc6 Nc4 21. Qxa8 Bb7 22. Qa7 Ra8 23. Bxc5 Rxa7 24. Bxa7 Bxe4 25. Bb8 Bxc2 26. dxe5 dxe5 27. Re1 Bxb1 28. Rxb1 Qb7 29. Bxe5 Nxe5 30. Nxe5 Qe4 31. Rc1 Qxe5 32. Kf1 Qd5 33. Re1 Qxa2 34. g3 Qc4+ 35. Kg2 Qxc3 36. Re3 Qc6+ 37. Kf1 a5 38. g4 a4 39. g5 hxg5 40. h4 a3 41. h5 a2 42. Re1 Qh1+ 43. Ke2 Qxe1+ 44. Kxe1 a1=Q+ 45. Ke2 Qc3 46. h6 b4 47. h7+ Kxh7 48. f4 gxf4 49. Kd1 b3 50. Ke2 b2 51. Kf2 b1=Q 52. Ke2 Qe3# 0-1